Little Einsteins: shape up (Record no. 119844)

MARC details
000 -LÍDER
campo de controle de tamanho fixo 00224 a2200097 4500
001 - NÚMERO DE CONTROLE
campo de controle 119844
040 ## - FONTE DA CATALOGAÇÃO
Instituição que transcreveu o registro Escola Canadense de Niteroi
245 10 - TÍTULO
Título Little Einsteins: shape up
650 #4 - ASSUNTO--TERMO TÓPICO
Cabeçalho tópico ou nome geográfico Kindergarten's Literature
942 ## - ELEMENTOS DE ENTRADA ADICIONADOS (KOHA)
Tipo de material Koha Livros
Holdings
Situação do descarte Situação das perdas Situação física Não pode ser emprestado Biblioteca de origem Biblioteca atual Data de aquisição Total de empréstimos Código de barras Data de último acesso Data do preço efetivo Tipo de material Koha
        Canadian School of Niterói - Piratininga Canadian School of Niterói - Piratininga 09/02/2024   A14186 09/02/2024 09/02/2024 Livros